|
|
|
|
| LEADER |
00608cam a2200181 7i4500 |
| 001 |
0000018549 |
| 005 |
20061016090000.0 |
| 020 |
0 |
0 |
|a 84-607-9667-1
|
| 090 |
0 |
0 |
|a ETIO 916.63
|b ETH
|
| 245 |
0 |
0 |
|a Ethiopia :
|b The premier guidebook for business globe trotters :
|b The premier guidebook for business globe trotters :
|b 2004.
|
| 260 |
0 |
0 |
|a Dublin 2:
|b Ebizguide,
|c 2004.
|
| 300 |
# |
# |
|a 232 p.
|
| 440 |
0 |
0 |
|a Ebizguides
|
| 650 |
0 |
0 |
|a Ethiopia --
|x Guidebooks
|
| 650 |
0 |
0 |
|a Business travel --
|z Ethopia
|
| 650 |
0 |
0 |
|a Tourism --
|z Ethopia
|
| 651 |
0 |
0 |
|a Ethiopia
|
| 999 |
|
|
|a B000019323
|b Book
|c Countries
|e Business Information Centre
|